000 00368pab a2200145 454500
008 180718b1985 xxu||||| |||| 00| 0 eng d
100 _aWortman, Oscar
245 _aPractical experience in disaggregated investment projects
260 _c1985
300 _a165-72
362 _aFeb.
650 _aProject Management
773 _aPublic Enterprise
909 _a16251
999 _c16251
_d16251